| 000 | 00541nam a2200229Ia 4500 | ||
|---|---|---|---|
| 003 | 0100 | ||
| 008 | 130303s9999 xx 000 0 und d | ||
| 020 | _a0867164131 | ||
| 040 | _cARRUPELIB | ||
| 050 | _aBS2595.56.W65Y36 2001 | ||
| 100 | _aYanos, Susan | ||
| 245 | _aWoman, you are free | ||
| 245 | _ba spirituality for women in Luke | ||
| 260 | _aOhio | ||
| 260 | _bSt. Anthony Messenger Press | ||
| 260 | _C2001 | ||
| 300 | _a138p. | ||
| 300 | _b 22cm | ||
| 650 | _bDreams | ||
| 650 | _cProblem solving | ||
| 942 |
_2lcc _01 |
||
| 999 |
_c63649 _d63649 |
||